LDR 00848naa#a2200181#i#450# 001 RU\\bibl\120585 005 20260429182206.3 011 ## _a2587-6740 100 ## _a20260415b2026####ek#y0rusy0150####ca 102 ## _aRU 200 1# _aТехнологическая дорожная карта цифровой трансформации сельского хозяйства: универсальный подход от поля до страны _eЖурнальная статья 210 1# _aМосква _cЭлектронная наука _d2026 215 ## _a5 с. 608 ## _aЖурнальная статья _2local 675 ## _aОтрасли народного хозяйства в целом. 338.012 _z 700 #1 _aПетухова _gМарина Сергеевна 700 #1 _aАгафонова _gОльга Витальевна 856 4# _aecience.ru _u